Štruktúra systémov vzdelávania a odbornej prípravy v Európskej únii
Salvato in:
| Natura: | Libro |
|---|---|
| Lingua: | slovacco |
| Pubblicazione: |
Bratislava
Národná kancelária Sokrates
1997
|
| Edizione: | 2. vyd. |
| Soggetti: | |
| Tags: |
Nessun Tag, puoi essere il primo ad aggiungerne!!
|
MARC
| LEADER | 00000nam a2200000 4500 | ||
|---|---|---|---|
| 001 | c117554 | ||
| 005 | 20221109111823.6 | ||
| 020 | |a 80-7098-148-2 | ||
| 041 | 0 | |a slo | |
| 044 | |a SK | ||
| 245 | 1 | 0 | |a Štruktúra systémov vzdelávania a odbornej prípravy v Európskej únii |
| 250 | |a 2. vyd. | ||
| 264 | 1 | |a Bratislava |b Národná kancelária Sokrates |c 1997 | |
| 300 | |a 476 s. | ||
| 610 | 2 | 0 | |a vzdelávanie |
| 610 | 2 | 0 | |a vzdelávanie mimoškolské |
| 610 | 2 | 0 | |a vzdelávanie permanentné |
| 610 | 2 | 0 | |a príprava odborná |
| 610 | 2 | 0 | |a sústava výchovno-vzdelávacia |
| 610 | 2 | 0 | |a Európska únia |
| 610 | 2 | 0 | |a Európske spoločenstvá |
| 610 | 2 | 0 | |a školstvo |
| 610 | 2 | 0 | |a školy |
| 610 | 2 | 0 | |a školy odborné |
| 610 | 2 | 0 | |a školy stredné odborné |
| 610 | 2 | 0 | |a školy stredné |
| 610 | 2 | 0 | |a školy súkromné |
| 610 | 2 | 0 | |a školy učňovské |
| 610 | 2 | 0 | |a školy vysoké |
| 610 | 2 | 0 | |a školy vysoké odborné |
| 610 | 2 | 0 | |a školy základné |